Espacios vectoriales y geometría analítica /

Guardado en:
Autor Principal: Santaló, Luis A. 1911-2001.
Formato: Libro
Idioma:Spanish
Publicado: Washington, D.C. : Programa Regional de Desarrollo Científico y Tecnológico, Departamento de Asuntos Científicos, Secretaría General de la Organización de los Estados Americanos, 1974.
Edición:4. ed., rev. y corr.
Series:Colección de monografías científicas. Serie de matemática ; monografía no. 2
Materias:
Etiquetas: Agregar Etiqueta
Sin Etiquetas, Sea el primero en etiquetar este registro!
LEADER 01198cam a22002291a 4500
001 MAT.inmabb006917
008 790118s1974####dcu######b####000#0#spa##
005 20180427143037.0
245 1 0 |a Espacios vectoriales y geometría analítica /  |c por Luis A. Santaló. 
250 |a 4. ed., rev. y corr. 
260 |a Washington, D.C. :  |b Programa Regional de Desarrollo Científico y Tecnológico, Departamento de Asuntos Científicos, Secretaría General de la Organización de los Estados Americanos,  |c 1974. 
300 |a vi, 60 p. ;  |c 23 cm. 
440 0 |a Colección de monografías científicas.  |p Serie de matemática ;  |v monografía no. 2 
504 |a Bibliografía: p. 60. 
505 0 |a 1. Tratamiento intuitivo de los vectores -- 2. Espacios vectoriales de dimensión dos -- 3. El plano euclidiano -- 4. Algunos ejemplos y aplicaciones -- 5. Geometría analítica del espacio -- 6. El producto vectorial y aplicaciones a la trigonometría. 
100 1 |a Santaló, Luis A.  |q (Luis Antonio),  |d 1911-2001. 
650 0 |a Geometry, Analytic. 
650 0 |a Vector spaces. 
084 |a 51-01 (51Nxx 15-01)  |2 msc2000 
010 |a  78393840  
040 |a DLC  |c DLC  |d DLC 
859 |h 51  |i Sa232e  |p A-8995  |b BIB. MATEMATICA